000 03866cam a2200469 i 4500
001 19363176
003 NUST
005 20230314120624.0
008 161103t20172017ctu b 001 0 eng c
010 _a 2016958783
020 _a9780300224207
020 _a0300224206
035 _a(OCoLC)ocn961309498
040 _aYDX
_beng
_cYDX
_erda
_dBDX
_dOCLCQ
_dERASA
_dTOH
_dYUS
_dOCLCO
_dPMC
_dOCLCO
_dOCLCA
_dNTD
_dOCLCF
_dIQU
_dCBY
_dIGA
_dOBE
_dRCJ
_dDLC
042 _apcc
050 0 0 _aHT166
_b.B366 2017
082 0 0 _a363.73874 BAR
_223
_bBAR
100 1 _aBarber, Benjamin R.,
_d1939-2017,
_eauthor.
_9110261
245 1 0 _aCool cities :
_burban sovereignty and the fix for global warming /
_cBenjamin R. Barber.
264 1 _aNew Haven ;
_aLondon :
_bYale University Press,
_c[2017]
264 4 _c©2017
300 _axv, 207 pages ;
_c22 cm
336 _atext
_btxt
_2rdacontent
337 _aunmediated
_bn
_2rdamedia
338 _avolume
_bnc
_2rdacarrier
504 _aIncludes bibliographical references (pages 177-193) and index.
505 0 _aIntroduction : politics not science -- Part One. Making politics work for science. The social contract and the rights of cities -- The devolution revolution and the politics of COP 21 -- Climate change in the anthropocene -- The facts are mute, money talks -- Privatization and market fundamentalism -- Political institutions old and new : cities not nation-states -- The road to global governance -- Climate justice : making sustainability and resilience complementary -- The end of sovereignty redux : a global parliament of mayors -- Part Two. Making democracy work for politics. Common principles and urban action -- The politics of commensurability and the challenge of trust -- City sovereignty and the need for urban networks -- A practical climate action agenda -- Exemplary cities -- Trust among cities : an index of commensurability -- Realizing the urban climate agenda.
520 8 _aA pointed argument that cities-not nation-states-can and must take the lead in fighting climate change. Climate change is the most urgent challenge we face in an interdependent world where independent nations have grown increasingly unable to cooperate effectively, even on the urgent issue of sustainability. Can cities do better? Benjamin R. Barber argues that with more than half the world's population, 80 percent of both its GDP and its greenhouse gas emissions, and a common will to cooperate, they can. In this compelling sequel to If Mayors Ruled the World, Barber assesses both broad principles and specific strategies like fracking bans, walkable cities, above-ground mining of precious resources, energy and heating drawn from garbage incineration, downtown wind turbines, and skyscrapers built from wood. He shows how cities working together on climate change can find common measures by which to evaluate the radically different policies they pursue. This is a book for a world in which combating climate change is about nothing less than cities' survival.
650 0 _aCity planning
_xEnvironmental aspects.
_9929
650 0 _aGlobal warming.
650 0 _aCities and towns
_xGrowth.
_924240
650 7 _aPOLITICAL SCIENCE / Public Policy / City Planning & Urban Development.
_2bisacsh
_926669
650 7 _aPOLITICAL SCIENCE / Public Policy / Environmental Policy.
_2bisacsh
_983136
650 7 _aSCIENCE / Global Warming & Climate Change.
_2bisacsh
_9110262
650 7 _aCities and towns
_xGrowth.
_2fast
_0(OCoLC)fst00861781
_924240
650 7 _aCity planning
_xEnvironmental aspects.
_2fast
_0(OCoLC)fst00862209
_9929
650 7 _aGlobal warming.
_2fast
_0(OCoLC)fst00943506
_9110263
906 _a7
_bcbc
_cpccadap
_d2
_eepcn
_f20
_gy-gencatlg
942 _2ddc
_cBK
999 _c593694
_d593694